000 00910nam a2200217Ia 4500
003 OSt
005 20250130095010.0
008 210210b1975 xxu||||| |||| 00| 0 eng d
040 _cAL
041 _aKannada
082 _aK894.9 SHIS
100 _aSHIVARUDRAPPA (G S),Ed.
_9134060
_d ಶಿವರುದ್ರಪ್ಪ (ಜಿ ಎಸ್)
245 _aSamagra kannada sahitya charitre.S2 .
_bಸಮಗ್ರ ಕನ್ನಡ ಸಾಹಿತ್ಯ ಚರಿತ್ರೆ: ಸಂಪುಟ ೨
260 _aBengaluru
_bVishvavidyalaya
_c1975
300 _ax,362
440 _a2
_9134061
650 _aVaddaradhane Champukavya Pampa Adipurana Ponna Ranna Gadayuddha Ajitapurana Nagavarma Durgasimha Panchatantra Shantinatha Nagachandra Nayasena Karnaparya Neminatha Purana Lakshmanagrantha Shastra Gantha Shasana Sahitya
_9134062
690 _aKannada Criticism
_9134063
906 _aSG01672
942 _2ddc
_cBK
999 _c112712
_d112712